| 000 | 00675nam a22002057a 4500 | ||
|---|---|---|---|
| 999 |
_c330357 _d330357 |
||
| 003 | NUST | ||
| 005 | 20170622110104.0 | ||
| 008 | 170116b xxu||||| |||| 00| 0 eng d | ||
| 020 | _a9780071257657 | ||
| 040 | _c0 | ||
| 082 | _a620.103 BEE | ||
| 100 |
_aBeer, Fredinando P. _93060 |
||
| 245 |
_aVector Mechanics for Engineers Statics / _cFerdinando P, Beer, E. Russell Johnston |
||
| 250 | _a8th ed. | ||
| 260 |
_aSingapore _bMcGraw Hill _c2007. |
||
| 300 |
_a599+p. ; _c24 cm. |
||
| 500 | _aPaperback. | ||
| 942 |
_cBK _2ddc _kIESE |
||